| 000 | 00449nam a2200181Ia 4500 | ||
|---|---|---|---|
| 005 | 20250603145748.0 | ||
| 008 | 250603s9999 xx 000 0 und d | ||
| 020 | _a9789352693399 | ||
| 050 | _aHV 6208 .S66/ | ||
| 100 | _aSonia, Arora | ||
| 245 | 0 | _aStatistical methods for criminal justice and criminology | |
| 260 | _aNew Delhi | ||
| 260 | _bRandom Publications | ||
| 260 | _c2019 | ||
| 300 | _a283 p | ||
| 650 | _aNew Delhi | ||
| 942 | _cBK | ||
| 999 |
_c42780 _d42780 |
||